[Event "Gibraltar Masters 6th"]
[Site "Gibraltar"]
[Date "2008.01.23"]
[Round "2"]
[White "Munz, Jostein"]
[Black "Kozlov, Oleg"]
[Result "0-1"]
[WhiteElo "1861"]
[BlackElo "2144"]
[PlyCount "80"]
[EventDate "2008.01.22"]
[EventType "swiss"]
[EventRounds "10"]
[EventCountry "ENG"]
[SourceTitle "CBM 122 Extra"]
[Source "ChessBase"]
[SourceDate "2008.03.04"]
[SourceVersion "1"]
[SourceVersionDate "2008.03.04"]
[SourceQuality "1"]

1. e4 c5 2. c3 Nf6 3. e5 Nd5 4. d4 cxd4 5. cxd4 e6 6. Nf3 d6 7. exd6 Bxd6 8. Bd3 Nd7 9. 0-0 b6 10. Nc3 Nxc3 11. bxc3 Bb7 12. Bc2 Rc8 13. Qd3 Qc7 14. Bd2 Nf6 15. Rfe1 Bf4 16. Ba4+ Ke7 17. Bxf4 Qxf4 18. Rac1 Bxf3 19. gxf3 Rhd8 20. Bb3 Rc5 21. Qe3 Rg5+ 22. Kh1 Qh4 23. Bxe6 Kf8 24. Bxf7 Kxf7 25. Qe7+ Kg6 26. Rg1 Rd7 27. Qe6 h6 28. Rxg5+ hxg5 29. Kg2 Qf4 30. Re1 Qf5 31. Qc6 Qd5 32. Qc8 Rd8 33. Qc7 Qd7 34. Qc4 Nd5 35. Re5 Nf4+ 36. Kg1 Rc8 37. Qb4 Qh3 38. Qd6+ Kh7 39. Rxg5 Ne2+ 40. Kh1 Qf1+ 0-1

[Event "NOR-chB"]
[Site "Moss"]
[Date "2006.07.10"]
[Round "3"]
[White "Carding, Nicholas"]
[Black "Munz, Jostein"]
[Result "1-0"]
[WhiteElo "1394"]
[BlackElo "1444"]
[PlyCount "63"]
[EventDate "2006.07.08"]
[EventType "swiss"]
[EventRounds "9"]
[EventCountry "NOR"]
[SourceTitle "EXT 2007"]
[Source "ChessBase"]
[SourceDate "2006.11.23"]
[SourceVersion "1"]
[SourceVersionDate "2006.11.23"]
[SourceQuality "1"]

1. e4 Nf6 2. e5 Nd5 3. d4 d6 4. c4 Nb6 5. f4 dxe5 6. fxe5 Nc6 7. Be3 Bf5 8. Nc3 e6 9. Nf3 Be7 10. d5 exd5 11. cxd5 Nb4 12. Nd4 Bg6 13. Bb5+ Kf8 14. 0-0 N4xd5 15. Ne6+ Kg8 16. Nxd8 Nxe3 17. Qf3 Nxf1 18. Rxf1 Rxd8 19. Rd1 c6 20. Rxd8+ Bxd8 21. Bd3 Bxd3 22. Qxd3 Be7 23. a4 a5 24. Qd4 c5 25. Qe4 g6 26. Qxb7 Bd8 27. Ne4 Nxa4 28. Qd7 Bb6 29. e6 fxe6 30. Ng5 c4+ 31. Kh1 Nc5 32. Qf7# 1-0

[Event "NOR-chB"]
[Site "Moss"]
[Date "2006.07.10"]
[Round "4"]
[White "Munz, Jostein"]
[Black "Lovik, Lasse Ostebo"]
[Result "0-1"]
[WhiteElo "1444"]
[BlackElo "1853"]
[PlyCount "46"]
[EventDate "2006.07.08"]
[EventType "swiss"]
[EventRounds "9"]
[EventCountry "NOR"]
[SourceTitle "EXT 2007"]
[Source "ChessBase"]
[SourceDate "2006.11.23"]
[SourceVersion "1"]
[SourceVersionDate "2006.11.23"]
[SourceQuality "1"]

1. e4 e6 2. d4 d5 3. Nd2 Nf6 4. e5 Nfd7 5. c3 c5 6. Bd3 Nc6 7. Ne2 cxd4 8. cxd4 f6 9. f4 fxe5 10. fxe5 Nxd4 11. Nxd4 Qh4+ 12. g3 Qxd4 13. Nf3 Bb4+ 14. Bd2 Qxd3 15. Bxb4 Qe4+ 16. Qe2 Qxb4+ 17. Nd2 Qxb2 18. 0-0 Qxe5 19. Qf2 Nf6 20. Qc5 Bd7 21. Rae1 Qb2 22. Qd6 Qb6+ 23. Qxb6 axb6 0-1